000
00283nam a2200097Ia 4500
008
240331s9999 xx 000 0 und d
082
_b
EXP
100
_a
Shoesmith, Dennis, editor
245
0
_a
Export processing zones in five countries :
_b
The economic and human consequences
942
_c
L
999
_c
2965
_d
2965